[Event "Valles Occidental-ch U14 qual"]
[Site "Sabadell"]
[Date "2012.02.04"]
[Round "3.5"]
[White "Moreno Serrano, Manel II"]
[Black "Pescador Muelas, Daniel"]
[Result "1-0"]
[WhiteElo "1700"]
[BlackElo "1700"]
[PlyCount "79"]
[EventDate "2012.01.21"]
[EventType "swiss"]
[EventRounds "6"]
[EventCountry "ESP"]
[SourceTitle "EXT 2024"]
[Source "ChessBase"]
[SourceDate "2023.10.10"]
[SourceVersion "1"]
[SourceVersionDate "2023.10.10"]
[SourceQuality "1"]

1. e4 e5 2. Nf3 Nc6 3. Bc4 Nf6 4. d3 Bc5 5. 0-0 d6 6. c3 d5 7. exd5 Nxd5 8. d4 Bg4 9. dxc5 Nde7 10. Qxd8+ Rxd8 11. Bg5 Rd7 12. Bxe7 Nxe7 13. Re1 Ng6 14. Nxe5 Re7 15. Na3 Nxe5 16. h3 Be6 17. Rxe5 Bxc4 18. Rxe7+ Kxe7 19. Nxc4 b6 20. cxb6 axb6 21. Re1+ Kd7 22. a4 Kc6 23. Re7 Rd8 24. b4 b5 25. axb5+ Kb7 26. Rxf7 Rd1+ 27. Kh2 Rc1 28. Rxg7 Rxc3 29. Ne3 Kb6 30. Nd5+ Kxb5 31. Nxc3+ Kxb4 32. Rxc7 h6 33. f4 Ka5 34. Rb7 Ka6 35. Rb1 h5 36. f5 Ka5 37. f6 Ka6 38. f7 Ka7 39. f8Q h4 40. Qa3# 1-0